| 000 | 00696nam a2200241 a 4500 | ||
|---|---|---|---|
| 001 | 61080 | ||
| 003 | BD-RjUL | ||
| 005 | 20211209080923.0 | ||
| 008 | 170115s1961 njua 001 0 eng | ||
| 035 | _a(BD-RjUL)61204 | ||
| 040 |
_aDLC _cOClU _dOCoLC _dBD-RjUL _beng |
||
| 041 | _aeng | ||
| 082 |
_a651.78 _223 _bBRE 1961 |
||
| 100 | 1 |
_aBrown, Leland. _9182284 |
|
| 245 | 1 | 0 |
_aEffective business report writing / _cLeland Brown, |
| 260 |
_aEnglewood Cliffs, N.J., _bPrentice-Hall _cc1955[printing 1961] |
||
| 300 |
_a420 p. : _bill. ; _c24 cm. |
||
| 500 | _aInclude index | ||
| 650 | 0 |
_aReport writing. _9182285 |
|
| 650 | 0 |
_aBusiness. _9175150 |
|
| 942 |
_2ddc _cBK |
||
| 999 |
_c61080 _d61080 |
||